000 00492nam a2200181Ia 4500
005 20240606065727.0
008 240331s9999 xx 000 0 und d
020 _a9628314254
082 _bANX
_a323
245 3 _aAn X-ray of the Sri Lanka policing system & Torture of the poor
260 _aHongkong
_bAsian Human Rights Commission
_c2005
300 _a321 p .,
650 _aFight For Justice
650 _aPolice System
650 _aCrime
700 _aFernando,B.
_eedt
942 _cL
999 _c2264
_d2264